01282 a2200205 45000010006000000050017000060080041000230030015000640400040000790800088001192450113002070200022003202640041003423000019003835050487004020410008008891000034008977000050009318560095009814386620260407155719.0260407a2010 arg spa dAR-UNSa-BCEJYS aAR-UNSa-BCEJYSbspacAR-UNSa-BCEJYS a657.05xContabilidad de gestión (Contabilidad gerencial, control de gestión...)10aContabilidad de gestiónpprofundización en el cálculo del coste y proceso de planificación y control a978-84-368-2355-4 1aMadrid :bEdiciones Pirámidec2010 a395 p.c24 cm. a1. El sistema de costes basado en las actividades (ABC) - 2. Asignación de costes: costes conjuntos y subproductos - 3. Problemática del coste en sistemas de producción por procesos, órdenes de trabajo y operaciones - 4. Presupuesto y contabilidad por áreas de responsabilidad - 5. Control presupuestario: presupuesto flexible y coste estándar - 6. Cálculo y análisis de las desviaciones - 7. El modelo de los costes variables y el análisis coste-volumen-beneficio aspa1 aGutiérrez Hidalgo, Fernando1 aÁlvarez-Dardet Espejo, María Concepción41uhttps://biblioeco.unsa.edu.ar/pmb/images/libros/L126794.jpgyImagen de portadaqimage/jpeg